00448nam a2200145Ia 4500008004100000040001900041041001200060082002000072245008700092260003200179300001900211650002600230700002800256850001800284131103s9999 xx 000 0 und d aLoreto College aEnglish a282/BANbLCLIB/ aModern questionsb In the light christian principles cRevised by Rudolph G.Bandas aU.S.AbSunday visitorc1946 a262p. c 20cm. aRoman catholic charch aBandas, Rudolph G, rev. aLCLIB/282/BAN